000 00961nam a2200289Ia 4500
008 130821s2011 sp a gr spa
020 _a9788498353396
040 _aCo-BoUCM
_bspa
041 0 0 _aspa
060 0 0 _aWM 220
245 0 0 _aCuidar y acompañar a la persona con demencia
_cJosé C. Millán Calenti... [et al.]
260 _aMadrid (España)
_bMédica Panamericana
_c2011
300 _avii, 143 páginas
_bilustraciones, (algunas en color)
490 0 _aCuidar y Acompañar
504 _aIncluye índice general.
650 0 4 _aAtención al enfermo
_99703
650 0 4 _aDemencia senil
_912615
650 0 4 _aDemencia
_912614
650 0 4 _aEnfermedades cerebrales
_914285
650 0 4 _aPsiquiatría
_98004
700 1 _aBalo García, Aránzazu
700 1 _aGonzález, Isabel
700 1 _aIglesias, Abraldes
700 1 _aMaseda Rodríguez, Ana
700 1 _aMillán Calenti, José C
942 _cLIBRO
_a15
_e1
_mC966
_2NLM
_hWM 220
_n0
999 _c70652
_d70652